Catalog

Record Details

Catalog Search



Available copies

  • 1 of 2 copies available at LARL/NWRL Consortium. (Show)
  • 1 of 2 copies available at Lake Agassiz Regional Library.

Current holds

0 current holds with 2 total copies.

Show Only Available Copies
Location Call Number / Copy Notes Barcode Shelving Location Status Due Date
Detroit Lakes Public Library MOO (Text) 33500014384317 New Checked out 06/23/2026
Mahnomen Public Library MOO (Text) 33500014384325 New Available -

Record details

  • ISBN: 9780593954539
  • ISBN: 059395453X
  • Physical Description: 339 pages ; 24 cm
  • Publisher: New York : Berkley, [2026]

Content descriptions

Summary, etc.:
Fletcher Spence is dying for a promotion. And her ... Read More
Subject: Islands > Fiction.
Safaris > Fiction.
Management retreats > Fiction.
Work environment > Fiction.
Periodicals > Publishing > Fiction.
Publishers and publishing > Fiction.
Man-woman relationships > Fiction.
Fiction.
Genre: Humorous fiction.
Thrillers (Fiction)
Detective and mystery fiction.
Novels.
LDR 03772cam a22006378i 4500
001485332
003LARL_NWRL_CONSORTIUM
00520260527153457.0
008250523t20262026nyu e 000 f eng
010 . ‡a 2025024226
040 . ‡aDLC ‡beng ‡erda ‡cDLC ‡dOCLCO ‡dBDX ‡dYDX ‡dIG# ‡dHQD ‡dOCLCO ‡dTOH ‡dZGW ‡dLE@ ‡dOCLCO ‡dIZ8 ‡dOCLCO ‡dCHILD ‡dVP@
019 . ‡a1545540416 ‡a1587601780
020 . ‡a9780593954539 ‡q(hardcover)
020 . ‡a059395453X
020 . ‡z9780593954546 ‡q(ebook)
035 . ‡a(OCoLC)1528510699 ‡z(OCoLC)1545540416 ‡z(OCoLC)1587601780
042 . ‡apcc
08200. ‡a813/.6 ‡223/eng/20250528
1001 . ‡aMoore, Rachel ‡q(Rachel E.), ‡eauthor.
24510. ‡aSafari murder party / ‡cRachel Moore.
264 1. ‡aNew York : ‡bBerkley, ‡c[2026]
264 4. ‡c©2026
300 . ‡a339 pages ; ‡c24 cm
336 . ‡atext ‡btxt ‡2rdacontent
337 . ‡aunmediated ‡bn ‡2rdamedia
338 . ‡avolume ‡bnc ‡2rdacarrier
520 . ‡aFletcher Spence is dying for a promotion. And her colleagues are more than happy to oblige. After three years working seventy-hour weeks as assistant to the most terrifying CEO in the magazine world, Fletcher finally finagled a spot on Cartwright Media's annual corporate retreat-a famously luxurious week on the Cartwrights' private island, where promotions are handed out like party favors. And her plan to snag her dream job as a travel magazine photographer was going great...until her boss's dramatic death reveals his last will and testament: Whoever survives the week will inherit the company. So now she's stuck on her billionaire boss's safari park island, surrounded by wild animals and on the run from coworkers who've swapped coffee cups for machetes and briefcases for hunting rifles. To Fletcher's dismay, her only ally might be her boss's insufferably gorgeous son, Waylon Cartwright. Despite their hostile history, Fletcher is at least 80 percent sure he won't try to kill her this week. Plus, his experience on the island might come in handy while they fend off lions and tigers and...marketing executives? Oh my. While Fletcher battles her own ambitions and her unexpected attraction to Waylon, her power-hungry, bloodthirsty colleagues will do anything to stop them from escaping with their lives. Everyone knows the media industry is cutthroat, but in this safari party, it's never been more true"-- ‡cProvided by publisher.
650 0. ‡aIslands ‡vFiction. ‡0(LARL_NWRL_CONSORTIUM)165223
650 0. ‡aSafaris ‡vFiction.
650 0. ‡aManagement retreats ‡vFiction.
650 0. ‡aWork environment ‡vFiction.
650 0. ‡aPeriodicals ‡xPublishing ‡vFiction. ‡0(LARL_NWRL_CONSORTIUM)166655
650 0. ‡aPublishers and publishing ‡vFiction. ‡0(LARL_NWRL_CONSORTIUM)166680
650 0. ‡aMan-woman relationships ‡vFiction. ‡0(LARL_NWRL_CONSORTIUM)165985
650 0. ‡aFiction. ‡0(LARL_NWRL_CONSORTIUM)20140
655 7. ‡aHumorous fiction. ‡2lcgft
655 7. ‡aThrillers (Fiction) ‡2lcgft
655 7. ‡aDetective and mystery fiction. ‡2lcgft
655 7. ‡aNovels. ‡2lcgft
77608. ‡iOnline version: ‡aMoore, Rachel (Rachel E.), ‡tSafari murder party ‡dNew York : Berkley, 2026 ‡z9780593954546 ‡w(DLC) 2025024227
901 . ‡a485332 ‡bOCoLC ‡c485332 ‡tbiblio ‡soclc

Additional Resources